Las sandalias del pescador

Wedi'i Gadw mewn:
Manylion Llyfryddiaeth
Prif Awdur: West, Morris (Awdur)
Fformat: Llyfr
Iaith:Sbaeneg
Cyhoeddwyd: Madrid B 2001
Cyfres:Punto de Lectura, 94
Pynciau:
Tagiau: Ychwanegu Tag
Dim Tagiau, Byddwch y cyntaf i dagio'r cofnod hwn!

MARC

LEADER 00000nam a2200000 a 4500
001 UCN9623
003 CL-VaPUC
008 011221e20010500SP |||||||||||||||||spa|d
082 0 4 |a A823  |b WES  |2 21 
100 0 |a West, Morris  |e author  |9 466184 
245 1 4 |a Las sandalias del pescador 
300 |a 447 p 
942 |c BK 
945 |d 20011221 00:00:00  |a vberengu 
260 |a Madrid  |b B  |c 2001 
650 0 |a Novelas australianas  |9 315909 
650 0 |a Literatura australiana  |9 353685 
583 |a last modification  |c 20011221 00:00:00  |k Rodrigo Vera 
490 0 |a Punto de Lectura, 94 
999 |c 298923  |d 298921